dopasuj wers do piosenki taco hemingwaya - Statystyki

Ogólne statystyki
  • Ten quiz został rozwiązany 204 razy
  • Średni wynik to 8 z 15
Statystyki odpowiedzi
wers nazwa piosenki % Poprawnych
"Gdzie ty mieszkasz? Na strzeżonym W jakim kraju? W tym popierdolonym" Polskie tango
92%
"Słuchaczu, poznaj Piotra, mnie i mą ex" Szlugi I Kalafiory
88%
"osiemnasty mnie wykończy, chyba w dziewiętnastym przerwa" Cafe Belga
77%
"Z Quebo już koniec przyjaźni, bo to kurwa brat już" Main stage freestyle
73%
"Kiedyś na Mokotów jeździłem tramwajem trzydzieści pięć" 35
69%
"Trzydzieści dwa stopnie, dresscode to klapki" tijuana
63%
"Nie wiesz jak mi imponuje że nie robisz min do zdjęć, wiesz?" Chodź
58%
"może cię pojmam i koszmar Ci zrobię, żeby się przyśnić?" Marsz, Marsz
55%
"Ty jesteś biały, jesteś straight, jesteś równy A nie masz innej cechy, z której byłbyś dumny, huh?" Dwuzłotówki Dancing
50%
"Gdy się skończy tlen i zapadnie w sen, ja mu skrobnę tren Rumak dźwięk, potem wygramy tym Fryderyka" Krwawa jesień
43%
"Naraz wstaje stado panów, a ja mierzę wzrok ich pytam czy to konkurencja? "Nie no, to koledzy!"" Świat jest WFem
42%
"Co porabiasz Fifi? Wsumie Gessleruję" Koła
40%
"Nad Warszawą grubo-chude chmury wróżą burdę" Kabriolety
35%
"To miasto pachnie jak szlugi i propaganda" +4822
33%
"Lecz nie mam czasu na to wszystko, jestem TurboTłumaczem" Awizo
30%
Nie znaleziono quizów pasujących do podanych kryteriów
Rozkład punktacji
Procent ludzi z każdym wynikiem
Percentyl według liczby udzielonych odpowiedzi
Twoja historia wyników
Nie rozwiązałeś tego quizu